Eduardo Rosales, en papel (Record no. 67080)

MARC details
000 -LEADER
campo de control de longitud fija 00857nam a2200253 i 4500
001 - NÚMERO DE CONTROL
campo de control 67080
003 - IDENTIFICADOR DE NÚMERO DE CONTROL
campo de control ES-MaACL
005 - FECHA Y HORA DE LA ÚLTIMA TRANSACCIÓN
campo de control 20231224062925.0
007 - CAMPO FIJO DE DESCRIPCIÓN FÍSICA--INFORMACIÓN GENERAL
campo de control de longitud fija t|
008 - DATOS DE LONGITUD FIJA--INFORMACIÓN GENERAL
campo de control de longitud fija 031118s2003 sp ||||0| spa d
017 ## - NÚMERO DE COPYRIGHT O DE DEPÓSITO LEGAL
Número de copyright o de depósito legal MU 1853-2003
040 ## - FUENTE DE CATALOGACIÓN
Centro catalogador/agencia de origen M-BN
Lengua de catalogación spa
Centro/agencia transcriptor M-BN
080 ## - NÚMERO DE LA CLASIFICACIÓN DECIMAL UNIVERSAL
Número de la Clasificación Decimal Universal 74 Rosales, Eduardo (083.824)
100 1# - ENTRADA PRINCIPAL--NOMBRE DE PERSONA
Nombre de persona Rosales, Eduardo,
Fechas asociadas al nombre 1836-1873
9 (RLIN) 99638
245 10 - MENCIÓN DEL TÍTULO
Título Eduardo Rosales, en papel
Resto del título : Museo Ramón Gaya : Muria, 18 septiembre-16 noviembre 2003.
260 ## - PUBLICACIÓN, DISTRIBUCIÓN, ETC.
Lugar de publicación, distribución, etc. [Murcia :
Nombre del editor, distribuidor, etc. Museo Ramón de Gaya,
Fecha de publicación, distribución, etc. 2003]
300 ## - DESCRIPCIÓN FÍSICA
Extensión [28] p :
Otras características físicas principalmente il. col. y n ;
Dimensiones 23 cm.
600 14 - PUNTO DE ACCESO ADICIONAL DE MATERIA--NOMBRE DE PERSONA
Nombre de persona Rosales, Eduardo,
Fechas asociadas al nombre 1836-1873-
Subdivisión de forma Exposiciones
9 (RLIN) 99639
655 #7 - TERMINO DE INDIZACIÓN--GENERO/FORMA
Fuente del término tgfbne
9 (RLIN) 193628
Datos o término principal de género/forma Catálogos de exposiciones
710 2# - ENTRADA AGREGADA--NOMBRE DE ENTIDAD CORPORATIVA
Nombre de entidad corporativa o nombre de jurisdicción como elemento de entrada Museo Ramón Gaya.
9 (RLIN) 5921
852 ## - LOCALIZACIÓN
Ubicación ES-MaACL
Número de control de estantería 2171-F-21
Sublocalización o colección R.133282
942 ## - ELEMENTOS DE ENTRADA SECUNDARIOS (KOHA)
Fuente del sistema de clasificación o colocación Clasificación decimal universal
Holdings
Estatus retirado Estado de pérdida Estado de daño No para préstamo Colección Biblioteca de origen Biblioteca actual Ubicación en estantería Fecha de adquisición Fuente de adquisición Total de préstamos Signatura topográfica completa Código de barras Visto por última vez Precio de reemplazo Tipo de ítem Koha
        Colección de folletos Biblioteca del Ateneo de Madrid Biblioteca del Ateneo de Madrid Depósito folletos 17/01/2008     2171-F-21 1070255 23/02/2023 23/02/2023 Folleto